00697 2200241 4500001002100000005001500021035002000036007000300056008004100059020002100100082001100121084001700132100001600149245008400165250001000249260003800259300002400297500008600321600002100407990000900428990000900437990000900446INLIS00000000000753720251218033320 a0010-1221000035ta251218 g 0 ind  a978-602-77-31271 a297.36 a297.36 IMA m0 aIMAM SAMAWI1 aMUKJIZAT SILATURRAHIM :bMenyingkap rahasia dibalik silaturrahim /cIMAM SAMAWI acet.1 aFATIHA MEDIA :bYogyakarta,c2013 a190 :bilus ;c13cm aSilaturrahim sebenarnya sangat sering sekali kita lakukan di dalam kehidupan kita 4aAhli Bibliografi a4484 a4485 a4486